00383nam a2200109 a 45000010005000000030005000050050017000100080041000270400020000682450120000882600065002084754CDMR20130116135259.0130130s1958||||||||||||||||||||||||||||d aCDMRbcatcCDMR 0aHistoria de España. Gran historia general de los pueblos hispanosbTomo II. La alta Edad Media (siglos V al XIII) aBarcelonac1958bInstituto Gallach de Librería y Ediciones